000 nam a22 7a 4500
999 _c8870
_d8870
008 180120b ||||| |||| 00| 0 eng d
100 _95188
_aWESTWOOD.P
245 _aABOUT NUMERACY
260 _aAUSTRALIA
_bACER PRESS
_c2008